[Event "ch-FRA Blitz Online Qual"]
[Site "Europe-Chess INT"]
[Date "2020.05.16"]
[Round "6"]
[White "Linnemer, Laurent"]
[Black "Ratsavong, Moukda"]
[Result "0-1"]
[WhiteElo "2163"]
[BlackElo "1789"]
[WhiteFideId "651095"]
[BlackFideId "632872"]
[EventDate "2020.05.16"]

1. e4 c5 2. d4 cxd4 3. c3 dxc3 4. Nxc3 e6 5. Nf3 a6 6. Bc4 b5 7. Bb3 Bb7 8. Qe2
Be7 9. O-O Nc6 10. Bf4 Na5 11. Bc2 Rc8 12. Rfd1 Nc4 13. Bd3 Nf6 14. h3 O-O 15.
a3 d5 16. e5 Nd7 17. Rac1 Nc5 18. Bb1 Qc7 19. h4 Qd8 20. h5 Re8 21. Nd4 Bg5 22.
g3 Bxf4 23. gxf4 Qh4 24. Kg2 Qxf4 25. Qc2 Qh6 26. f4 Ne3+ 27. Kg3 Nxc2 28. Rxc2
Ne4+ 29. Kf3 Qxh5+ 30. Ke3 Qh3+ 31. Nf3 Nxc3 32. bxc3 d4+ 0-1

[Event "ch-FRA Blitz Online Qual"]
[Site "Europe-Chess INT"]
[Date "2020.05.16"]
[Round "6"]
[White "Ciccoli, Theo"]
[Black "Mallevaey, Armand"]
[Result "1-0"]
[WhiteElo "2178"]
[BlackElo "1773"]
[WhiteFideId "26053780"]
[BlackFideId "36041424"]
[EventDate "2020.05.16"]

1. d4 d5 2. Bf4 Nf6 3. e3 Bf5 4. c4 c6 5. Nc3 e6 6. Qb3 Qb6 7. c5 Qxb3 8. axb3
Nbd7 9. b4 Nh5 10. Bg5 f6 11. Bh4 g5 12. Bg3 Nxg3 13. hxg3 h5 14. b5 Kf7 15. Nf3
Bg4 16. Be2 Bxf3 17. Bxf3 h4 18. gxh4 Rxh4 19. Rxh4 gxh4 20. Kd2 Be7 21. bxc6
bxc6 22. Ra6 Nb8 23. Ra4 Nd7 24. b4 a6 25. Be2 Nb8 26. b5 a5 27. Kc2 f5 28. b6
Na6 29. Bxa6 Rxa6 30. b7 Bd6 31. cxd6 Rb6 32. Rxa5 Rxb7 33. Ra6 Ke8 34. Rxc6 Kd7
35. Rc7+ Rxc7 36. dxc7 Kxc7 37. Kd2 Kd6 38. f4 Ke7 39. Ke2 Kf6 40. Kf3 Kg6 41.
Nb5 Kf6 42. Nd6 Ke7 43. Nb7 Kd7 44. Kf2 Kc7 45. Nc5 Kd6 46. Kg1 Ke7 47. Kh2 Kf6
48. Kh3 Ke7 49. Kxh4 Kf6 50. Kh5 Kf7 51. Kg5 Ke7 52. Kg6 Kd6 53. Kf6 Kc7 54.
Kxe6 Kc6 55. Kxf5 Kd6 56. g4 Ke7 57. g5 Kd6 58. g6 Ke7 59. Ne6 Ke8 60. Kf6 Kd7
61. g7 Kd6 62. g8=Q Kc6 63. Qc8+ Kb5 64. Qc5+ Ka4 65. Qb6 Ka3 66. Ke5 Ka2 67.
Kxd5 Ka3 68. Kc4 Ka2 69. Kc3 Ka3 1-0

[Event "ch-FRA Blitz Online Qual"]
[Site "Europe-Chess INT"]
[Date "2020.05.16"]
[Round "6"]
[White "Van Hoolandt, Patrick"]
[Black "Kvashyna, Tetyana"]
[Result "1-0"]
[WhiteTitle "FM"]
[WhiteElo "2063"]
[BlackElo "1764"]
[WhiteFideId "200999"]
[BlackFideId "641510"]
[EventDate "2020.05.16"]

1. d4 d5 2. c4 e6 3. Nf3 Nf6 4. Nc3 c6 5. Bg5 dxc4 6. e3 b5 7. a4 Bb4 8. g3 Bb7
9. Bg2 Nbd7 10. Ne5 Qc7 11. O-O Bxc3 12. bxc3 O-O 13. Qf3 Nd5 14. Nxd7 Qxd7 15.
e4 Ne7 16. Qe2 h6 17. Be3 Ng6 18. Rfb1 e5 19. axb5 cxb5 20. d5 a6 21. h4 f5 22.
exf5 Qxf5 23. Bc5 Rfe8 24. Be4 Qf6 25. Qh5 Ne7 26. Rd1 Rad8 27. Ra2 Nc8 28. Bg6
Nd6 29. Bxe8 Nxe8 30. Rad2 Kh7 31. Qe2 g6 32. Qe4 Nd6 33. Bxd6 Rxd6 34. h5 Kg7
35. Qxg6+ Qxg6 36. hxg6 Kxg6 37. f3 Kf5 38. Kf2 h5 39. Ke3 Kf6 40. Ke4 Kg5 41.
f4+ exf4 42. gxf4+ Kf6 43. Rh1 Kg6 44. f5+ Kh6 45. Rg1 h4 46. Ke5 Rd8 47. Rg6+
Kh5 48. Rg7 Ba8 49. d6 h3 50. Rh7+ Kg4 51. Rg7+ Kh4 52. Ke6 Re8+ 53. Kf7 Rb8 54.
d7 Rb7 55. Ke8 Rc7 56. d8=Q+ 1-0

[Event "ch-FRA Blitz Online Qual"]
[Site "Europe-Chess INT"]
[Date "2020.05.16"]
[Round "6"]
[White "Gauthier, Laurent2"]
[Black "Profili, Emilio"]
[Result "0-1"]
[WhiteElo "1704"]
[BlackElo "2053"]
[WhiteFideId "676810"]
[BlackFideId "45160805"]
[EventDate "2020.05.16"]

1. e4 e6 2. c4 c5 3. Nc3 Nc6 4. Nf3 a6 5. d4 cxd4 6. Nxd4 Bb4 7. Nxc6 bxc6 8.
Qc2 e5 9. Be2 Nf6 10. Bg5 h6 11. Bh4 Bc5 12. O-O O-O 13. a3 a5 14. Rad1 Bd4 15.
Kh1 g5 16. Bg3 d6 17. Bf3 Be6 18. b3 Kh8 19. h3 Qd7 20. Ne2 c5 21. Nxd4 cxd4 22.
Kh2 Rfc8 23. Qd2 a4 24. b4 Bxc4 25. Rfe1 Bb3 26. Rc1 Rxc1 27. Qxc1 Rc8 28. Qd2
Rc2 29. Qd3 Qc6 30. Bd1 Rc3 31. Qd2 Nxe4 32. Qe2 Bxd1 33. Rxd1 Nxg3 34. fxg3
Rxa3 35. Qf1 Kg7 36. Rc1 Rc3 37. Rxc3 Qxc3 38. b5 a3 39. Qb1 Qb2 0-1

[Event "ch-FRA Blitz Online Qual"]
[Site "Europe-Chess INT"]
[Date "2020.05.16"]
[Round "6"]
[White "Maccagnan, Tomas"]
[Black "Sylvestre-Baron, Laurent"]
[Result "1-0"]
[WhiteElo "1968"]
[BlackElo "1728"]
[WhiteFideId "26091763"]
[BlackFideId "20698585"]
[EventDate "2020.05.16"]

1. e4 c5 2. Nf3 Nc6 3. d4 cxd4 4. Nxd4 e5 5. Nb5 d6 6. N1c3 a6 7. Na3 b5 8. Nd5
Nge7 9. Bg5 h6 10. Bxe7 Nxe7 11. c4 Nxd5 12. exd5 Be7 13. cxb5 O-O 14. Be2 axb5
15. Nxb5 Ba6 16. O-O f5 17. Nc3 Bxe2 18. Qxe2 f4 19. Qg4 f3 20. g3 Rf6 21. Ne4
Rf7 22. Rfc1 Ra4 23. Rc8 h5 24. Rxd8+ Bxd8 25. Nf6+ Bxf6 26. Qxa4 e4 27. Qxe4
Bxb2 28. Rb1 Rc7 29. Qxf3 h4 30. gxh4 Be5 31. Rb8+ Kh7 32. Qf5+ g6 33. Qe4 Ra7
34. h5 Rg7 35. hxg6+ Rxg6+ 36. Kf1 Kh6 37. Rb7 1-0

[Event "ch-FRA Blitz Online Qual"]
[Site "Europe-Chess INT"]
[Date "2020.05.16"]
[Round "6"]
[White "Zienkiewicz, Jan"]
[Black "Courjal, Pauline"]
[Result "1-0"]
[WhiteElo "1914"]
[BlackElo "1848"]
[WhiteFideId "45116768"]
[BlackFideId "45147841"]
[EventDate "2020.05.16"]

1. e4 e6 2. d4 d5 3. Nc3 Bb4 4. Ne2 dxe4 5. a3 Bxc3+ 6. Nxc3 Nf6 7. Be3 O-O 8.
Qd2 Nc6 9. O-O-O a6 10. Rg1 b5 11. g4 b4 12. axb4 Nxb4 13. g5 Nfd5 14. Nxe4 Bb7
15. Nc5 Rb8 16. h4 c6 17. h5 Qa5 18. Nb3 Qa4 19. g6 fxg6 20. hxg6 Bc8 21. gxh7+
Kh8 22. Bh6 gxh6 23. Qxh6 1-0

[Event "ch-FRA Blitz Online Qual"]
[Site "Europe-Chess INT"]
[Date "2020.05.16"]
[Round "6"]
[White "Deurvillier, Martial"]
[Black "Zniber, Reda"]
[Result "0-1"]
[WhiteElo "1556"]
[BlackElo "1986"]
[WhiteFideId "26017091"]
[BlackFideId "36054224"]
[EventDate "2020.05.16"]

1. d4 d5 2. c4 e6 3. Nf3 Nf6 4. e3 Be7 5. Be2 O-O 6. O-O Nbd7 7. Nbd2 dxc4 8.
Bxc4 a6 9. b3 b5 10. Be2 Bb7 11. Bb2 Rc8 12. Rc1 c5 13. dxc5 Nxc5 14. Nd4 Qb6
15. Bf3 Rfd8 16. Bxb7 Qxb7 17. Qe2 Nce4 18. Nxe4 Qxe4 19. Qf3 h6 20. Qxe4 Nxe4
21. Nf3 g5 22. Rxc8 Rxc8 23. Rc1 Rxc1+ 24. Bxc1 Nc3 25. Bd2 Nxa2 26. Nd4 Bb4 27.
Bxb4 Nxb4 28. g3 Kf8 29. Kf1 Ke7 30. Ke2 Kd6 31. Kd2 Kd5 32. Kc3 Nc6 33. Nxc6
Kxc6 34. Kb4 Kb6 35. f3 a5+ 36. Kc3 Kc5 37. f4 Kd5 38. Kd3 a4 39. bxa4 bxa4 40.
e4+ Kc5 41. Kc3 f6 42. h4 gxh4 43. gxh4 h5 44. f5 exf5 45. exf5 Kd5 46. Kd3 Ke5 0-1

[Event "ch-FRA Blitz Online Qual"]
[Site "Europe-Chess INT"]
[Date "2020.05.16"]
[Round "6"]
[White "Blanchard, Samuel"]
[Black "Garde, Guillaume"]
[Result "0-1"]
[WhiteElo "1921"]
[BlackElo "1716"]
[WhiteFideId "36023990"]
[BlackFideId "45138273"]
[EventDate "2020.05.16"]

1. e4 e6 2. b3 d5 3. Bb2 a6 4. Nc3 c5 5. exd5 exd5 6. d4 Nf6 7. Qe2+ Be6 8. dxc5
Bxc5 9. O-O-O Nc6 10. Nf3 O-O 11. Na4 Be7 12. Ne5 Nxe5 13. Qxe5 b5 14. Nc3 Rc8
15. Kb1 Qc7 16. Bd3 Qxe5 0-1

[Event "ch-FRA Blitz Online Qual"]
[Site "Europe-Chess INT"]
[Date "2020.05.16"]
[Round "6"]
[White "Lapitski, Yaroslav"]
[Black "Cavailles, Evan"]
[Result "0-1"]
[WhiteElo "1765"]
[BlackElo "2018"]
[WhiteFideId "13519468"]
[BlackFideId "36048445"]
[EventDate "2020.05.16"]

1. Nf3 c5 2. c4 Nc6 3. Nc3 g6 4. d4 cxd4 5. Nxd4 Bg7 6. e3 Nf6 7. g3 d6 8. Bg2
Bd7 9. O-O O-O 10. b3 a6 11. Bb2 Rc8 12. Rc1 Qc7 13. Nd5 Qd8 14. Nxc6 Bxc6 15.
Nxf6+ exf6 16. Qd3 Bxg2 17. Kxg2 Qc7 18. Rfd1 Rfd8 19. Ba3 Bf8 20. Qd4 Be7 21.
Kg1 Qa5 22. b4 Qxa3 23. Qd2 Qa4 24. Qd3 Qxb4 25. Rb1 Qc5 26. Rxb7 Rc7 27. Rb3
Rcd7 28. Qe4 Bf8 29. Rd5 Qc7 30. Qd4 f5 31. Ra3 Qa7 32. Qd3 Rc8 33. Rda5 Qc7 34.
Rxa6 Qxc4 35. Qe2 Qxe2 36. Ra8 Rc1+ 37. Kg2 Qf1+ 38. Kf3 Kg7 39. R8a4 Qd1+ 40.
Kg2 Rdc7 41. Rd4 Qh1+ 42. Kh3 R7c2 43. Rxd6 Rxf2 0-1

[Event "ch-FRA Blitz Online Qual"]
[Site "Europe-Chess INT"]
[Date "2020.05.16"]
[Round "6"]
[White "Weisman, Nathan"]
[Black "Farthouat, Titoine"]
[Result "1-0"]
[WhiteElo "2186"]
[BlackElo "1652"]
[WhiteFideId "36060895"]
[BlackFideId "36015660"]
[EventDate "2020.05.16"]

1. e4 c5 2. Nf3 d6 3. Bb5+ Bd7 4. Bxd7+ Qxd7 5. O-O Nf6 6. e5 Nd5 7. exd6 Qxd6
8. d4 cxd4 9. Nxd4 g6 10. Re1 Bg7 11. Nb5 Qd7 12. Qxd5 Qxd5 13. Nc7+ Kd7 14.
Nxd5 e6 15. Nf4 Nc6 16. Nc3 a6 17. Be3 b5 18. Rad1+ Ke7 19. Bc5+ Ke8 20. Ncd5 e5
21. Nc7# 1-0

[Event "ch-FRA Blitz Online Qual"]
[Site "Europe-Chess INT"]
[Date "2020.05.16"]
[Round "6"]
[White "Lauferon, Augustin"]
[Black "Gratton, Manolo"]
[Result "1-0"]
[WhiteElo "1865"]
[BlackElo "1573"]
[WhiteFideId "20655177"]
[BlackFideId "551089157"]
[EventDate "2020.05.16"]

1. e4 c6 2. d4 d5 3. Nd2 dxe4 4. Nxe4 Nf6 5. Nxf6+ exf6 6. Nf3 Bd6 7. c3 O-O 8.
Bd3 Re8+ 9. Be3 Nd7 10. O-O Nf8 11. Re1 Bg4 12. h3 Bh5 13. Be2 Bc7 14. Qb3 Rb8
15. Nh4 Bxe2 16. Rxe2 Qd6 17. Nf3 b6 18. Rae1 Ng6 19. Bf4 Qxf4 20. Rxe8+ Rxe8
21. Rxe8+ Nf8 22. Re7 Ne6 23. Rxe6 fxe6 24. Qxe6+ Kf8 25. g3 Qxf3 26. Qc8+ Kf7
27. Qxc7+ Kg6 28. Qxa7 b5 29. Qd7 h5 30. Qe8+ Kh6 31. Qe3+ Qxe3 32. fxe3 Kg5 33.
Kf2 Kf5 34. Kf3 g5 35. e4+ Ke6 36. b3 f5 37. exf5+ Kxf5 38. c4 Kf6 39. Ke4 Ke6
40. cxb5 cxb5 41. d5+ Kd6 42. a4 bxa4 43. bxa4 Kc5 44. Kf5 Kxd5 45. Kxg5 Kc5 46.
Kxh5 Kb4 47. Kg6 Kxa4 48. h4 Kb5 49. h5 Kc6 50. h6 Kd6 51. h7 Ke6 52. h8=Q Ke7
53. g4 Kd7 54. g5 Ke6 55. Kh7 Ke7 56. g6 Ke6 57. g7 Ke7 58. g8=Q Kd7 59. Qf7+
Kd6 60. Qhf6+ Kc5 61. Q7e7+ Kd5 62. Qfd6+ Kc4 63. Qec7+ Kb5 64. Qdb6+ Ka4 65.
Qca7# 1-0

[Event "ch-FRA Blitz Online Qual"]
[Site "Europe-Chess INT"]
[Date "2020.05.16"]
[Round "6"]
[White "Oumer, Walid"]
[Black "Rahnama, Matin"]
[Result "0-1"]
[WhiteElo "1365"]
[BlackElo "1754"]
[WhiteFideId "551016630"]
[BlackFideId "45146039"]
[EventDate "2020.05.16"]

1. e4 c5 2. Nf3 d6 3. d4 cxd4 4. Nxd4 Nf6 5. Nc3 a6 6. Be3 e5 7. Nb3 Be7 8. f3
O-O 9. Qd2 Nc6 10. O-O-O b5 11. a3 b4 12. axb4 Nxb4 13. g4 Be6 14. g5 Nh5 15.
Nd5 Bxd5 16. exd5 Nf4 17. Bxf4 exf4 18. Qxf4 Bxg5 0-1

[Event "ch-FRA Blitz Online Qual"]
[Site "Europe-Chess INT"]
[Date "2020.05.16"]
[Round "6"]
[White "Rousseau, Matthieu"]
[Black "Anselin, Djavan"]
[Result "1-0"]
[WhiteElo "1862"]
[BlackElo "1499"]
[WhiteFideId "26049724"]
[BlackFideId "36080713"]
[EventDate "2020.05.16"]

1. d4 d5 2. Bf4 Nf6 3. Nf3 Bf5 4. e3 e6 5. Bd3 Bg6 6. O-O Be7 7. Nbd2 O-O 8. Ne5
Nbd7 9. Ndf3 Bxd3 10. Qxd3 Ne4 11. Nxd7 Qxd7 12. c4 c6 13. cxd5 exd5 14. Ne5 Qd8
15. Rac1 Bg5 16. Bxg5 Qxg5 17. f4 Qd8 18. Rf3 f6 19. Ng4 Qb6 20. b3 Qa5 21. a4
Qd2 22. Rd1 Qxd3 23. Rxd3 h5 24. Nf2 f5 25. Rh3 g6 26. Nxe4 fxe4 27. Rc3 Kg7 28.
Rg3 Rac8 29. Rg5 Rf5 30. Rxf5 gxf5 31. b4 Kf6 32. Kf2 b6 33. Kg3 Kg6 34. Kh4 Kh6
35. h3 Kg6 36. g4 hxg4 37. hxg4 Rh8+ 38. Kg3 Kf6 39. Rxc6+ Ke7 40. Rc7+ Kd6 41.
Rxa7 Rg8 42. g5 Kc6 43. Rf7 Ra8 44. Rf6+ Kd7 45. g6 Rxa4 46. g7 Ra1 47. Kh4 Rg1
48. Kh5 Rxg7 49. Rxf5 Kc6 50. Rg5 Rd7 51. f5 Kb5 52. f6 Kxb4 53. Kg6 b5 54. f7
Rd6+ 55. Kf5 Rd8 56. Rg8 Rd6 57. f8=Q 1-0

[Event "ch-FRA Blitz Online Qual"]
[Site "Europe-Chess INT"]
[Date "2020.05.16"]
[Round "6"]
[White "Desarmaux-Do, Yanis-Huy"]
[Black "Dore, Armand"]
[Result "1/2-1/2"]
[WhiteElo "1803"]
[BlackElo "1855"]
[WhiteFideId "45118299"]
[BlackFideId "680508"]
[EventDate "2020.05.16"]

1. Nf3 Nf6 2. g3 d5 3. Bg2 g6 4. O-O Bg7 5. d3 O-O 6. Nc3 c5 7. e4 dxe4 8. dxe4
Qa5 9. Qe2 e6 10. Bd2 Qd8 11. Rad1 Qe7 12. Bg5 h6 13. Bf4 Nc6 14. Bd6 Qe8 15.
Bxf8 Bxf8 16. e5 Nd7 17. Ne4 Bg7 18. Nd6 Qe7 19. Rd2 Ndxe5 20. Nxe5 Nxe5 21.
Rfd1 Nc6 22. Nxb7 Qxb7 23. Qf3 Na5 24. Rd8+ Kh7 25. Qd3 c4 26. Bxb7 cxd3 27.
Bxa8 dxc2 28. Rc1 Ba6 29. Rxc2 Nc4 30. Rd7 Ne5 31. Rxa7 Bd3 32. Rcc7 g5 33. Bg2
Kg6 34. f4 gxf4 35. gxf4 Ng4 36. Rxf7 Bd4+ 37. Kh1 Nf2+ 38. Kg1 Nh3+ 39. Kh1
Nf2+ 40. Kg1 Nh3+ 41. Kh1 Nf2+ 1/2-1/2

[Event "ch-FRA Blitz Online Qual"]
[Site "Europe-Chess INT"]
[Date "2020.05.16"]
[Round "6"]
[White "Ngomane, Max"]
[Black "Pierre, Timothee"]
[Result "0-1"]
[WhiteElo "1278"]
[BlackElo "1858"]
[WhiteFideId "651049791"]
[BlackFideId "643076"]
[EventDate "2020.05.16"]

1. d4 f5 2. c4 Nf6 3. Nc3 e6 4. Bg5 Be7 5. e3 O-O 6. Nf3 b6 7. Bd3 Bb7 8. O-O
Ne4 9. Bxe7 Qxe7 10. Ne5 d6 11. Bxe4 fxe4 12. Ng4 h5 13. Nh6+ gxh6 14. Qxh5 Qg5
15. Qe2 Nd7 16. Rad1 Nf6 17. d5 exd5 18. cxd5 Kh7 19. f3 exf3 20. Rxf3 Rae8 21.
Rg3 Qe5 22. Qd3+ Ne4 23. Nxe4 Qxe4 24. Qc3 Rg8 25. Rd4 Qe5 26. Qd3+ Kh8 27.
Rxg8+ Rxg8 28. Re4 Qg5 29. g3 Bxd5 30. Qd4+ Kh7 31. Rf4 Qg7 32. Qd3+ Kh8 33. Rf5
Be6 34. Rf4 Bd7 35. Qa3 Bc6 36. Qxa7 Qxb2 37. Qxc7 Qc1+ 38. Kf2 Qc2+ 39. Ke1
Qc1+ 40. Ke2 Qc2+ 41. Ke1 Qc1+ 42. Ke2 Bb5+ 43. Kf3 Qxc7 44. Kg2 Bc6+ 45. Kf2
Qe7 46. Rd4 Rf8+ 47. Ke2 Bb5+ 48. Kd2 Rf2+ 49. Kc3 Qxe3+ 50. Kb4 Rb2# 0-1

[Event "ch-FRA Blitz Online Qual"]
[Site "Europe-Chess INT"]
[Date "2020.05.16"]
[Round "6"]
[White "Joly, Fabrice"]
[Black "Ernst, Luca"]
[Result "0-1"]
[WhiteElo "1957"]
[BlackElo "1660"]
[WhiteFideId "612235"]
[BlackFideId "45117055"]
[EventDate "2020.05.16"]

1. e4 c5 2. b4 b6 3. bxc5 bxc5 4. c3 Nf6 5. e5 Nd5 6. d4 cxd4 7. cxd4 Nc6 8. Nf3
d6 9. Bc4 dxe5 10. dxe5 e6 11. O-O Be7 12. Qa4 Bb7 13. Bb5 Rc8 14. Bxc6+ Bxc6
15. Qxa7 O-O 16. Nbd2 Bb5 17. Re1 Bc5 18. Qb7 Rb8 19. Qxb8 Qxb8 20. Ne4 Bb4 21.
Bd2 Bxd2 22. Nfxd2 Bd3 23. a4 Qa7 24. Nd6 Rb8 25. a5 Rb2 26. N2e4 Bxe4 27. Rxe4
Qxf2+ 0-1

[Event "ch-FRA Blitz Online Qual"]
[Site "Europe-Chess INT"]
[Date "2020.05.16"]
[Round "6"]
[White "Negre, Emilie"]
[Black "Zachary, Bastian"]
[Result "0-1"]
[WhiteElo "1438"]
[BlackElo "1923"]
[WhiteFideId "45187223"]
[BlackFideId "36019402"]
[EventDate "2020.05.16"]

1. d4 Nf6 2. Nf3 e6 3. c4 Bb4+ 4. Nc3 O-O 5. a3 Bxc3+ 6. bxc3 c5 7. Bf4 Nc6 8.
Bd6 Re8 9. Bxc5 d6 10. Bxd6 Qxd6 11. e3 Bd7 12. Bd3 Qc7 13. O-O e5 14. Bc2 e4
15. Nd2 Na5 16. c5 b6 17. cxb6 axb6 18. Nb1 Nc4 19. Bb3 b5 20. h3 Na5 21. Ba2
Be6 0-1

[Event "ch-FRA Blitz Online Qual"]
[Site "Europe-Chess INT"]
[Date "2020.05.16"]
[Round "6"]
[White "Jacquot, David"]
[Black "Launay, Maxence"]
[Result "1-0"]
[WhiteElo "1830"]
[BlackElo "1084"]
[WhiteFideId "20624093"]
[BlackFideId "551013231"]
[EventDate "2020.05.16"]

1. d4 d5 2. Nf3 c5 3. c3 Nc6 4. Bg5 f6 5. Bf4 Bg4 6. Nbd2 e6 7. h3 Bh5 8. Ne5
fxe5 9. dxe5 Be7 10. Qb3 Qb6 11. Qa4 Nh6 12. e4 a6 13. Bg3 c4 14. Bxc4 dxc4 15.
Nxc4 Qb5 16. Nd6+ Bxd6 17. Qxb5 axb5 18. exd6 Bg6 19. f3 O-O 20. h4 Nf7 21. h5
Bxh5 22. Rxh5 Rfd8 23. Rxb5 Ra7 24. a4 Nxd6 25. Rc5 Nf7 26. b4 Kf8 27. a5 Ke7
28. Bh4+ g5 29. Rxg5 Nxg5 30. Bxg5+ Kd7 31. Bxd8 Kxd8 32. O-O-O+ Ke7 33. Rh1 Kd6
34. Rxh7 Nxa5 35. bxa5 Rxa5 36. Kc2 Ra2+ 37. Kb3 Rxg2 38. Rxb7 Rg3 39. Rf7 e5
40. Kc4 Ke6 41. Rf8 Rg7 42. Kb5 Rc7 43. c4 Rb7+ 44. Kc6 Rd7 45. c5 Ke7 46. Rf7+
Ke6 47. Rxd7 Kf6 48. Rd6+ Ke7 49. Rh6 Kd8 50. Kd6 Kc8 51. c6 Kb8 52. Rh7 Kc8 53.
Rh8# 1-0

[Event "ch-FRA Blitz Online Qual"]
[Site "Europe-Chess INT"]
[Date "2020.05.16"]
[Round "6"]
[White "El Barbry, Sarah"]
[Black "Poulet, Benoit"]
[Result "0-1"]
[WhiteElo "1779"]
[BlackElo "2094"]
[WhiteFideId "26051419"]
[BlackFideId "26085844"]
[EventDate "2020.05.16"]

1. e4 c5 2. Nc3 Nc6 3. Bb5 Nd4 4. Bc4 e6 5. Nf3 a6 6. d3 Nf6 7. Bg5 Be7 8. e5
Nd5 9. Bxe7 Nxe7 10. Nxd4 cxd4 11. Ne4 Qa5+ 12. Qd2 Qxe5 13. f4 Qh5 14. Ng3 Qc5
15. O-O b5 16. Bb3 Bb7 17. Rae1 f5 18. Qe2 O-O 19. Kh1 Nd5 20. Rg1 Nxf4 21. Qe5
Nh3 22. Re2 Qxe5 0-1

[Event "ch-FRA Blitz Online Qual"]
[Site "Europe-Chess INT"]
[Date "2020.05.16"]
[Round "6"]
[White "Suez-Panama, Gilles"]
[Black "De Smet, Fabrice"]
[Result "1-0"]
[WhiteElo "1943"]
[BlackElo "1520"]
[WhiteFideId "620165"]
[BlackFideId "45129657"]
[EventDate "2020.05.16"]

1. b3 c5 2. Bb2 Nc6 3. e3 e5 4. Bb5 Nge7 5. d3 d6 6. Nf3 g6 7. O-O Bg7 8. Nbd2
O-O 9. e4 a6 10. Bxc6 Nxc6 11. a4 f5 12. Nc4 f4 13. c3 Be6 14. d4 Bxc4 15. bxc4
cxd4 16. cxd4 g5 17. dxe5 dxe5 18. Qxd8 Raxd8 19. Nxg5 Rfe8 20. Rfd1 h6 21. Nf3
Bf6 22. Rd5 h5 23. Rad1 h4 24. Rxd8 Rxd8 25. Rxd8+ Bxd8 26. Nxe5 Bf6 27. Nd3
Bxb2 28. Nxb2 Nb4 29. f3 Na2 30. Kf2 Nc3 31. g3 hxg3+ 32. hxg3 fxg3+ 33. Kxg3
Kf7 34. Kf4 Kf6 35. Ke3 Ke5 36. f4+ Ke6 37. Kd4 Ne2+ 38. Ke3 Nc3 39. f5+ Ke5 40.
Nd3+ Kf6 41. a5 Nd1+ 42. Kd4 Nf2 43. Nxf2 1-0

[Event "ch-FRA Blitz Online Qual"]
[Site "Europe-Chess INT"]
[Date "2020.05.16"]
[Round "6"]
[White "Mezouaghi, Miloud"]
[Black "Dietrich, Antoine"]
[Result "1-0"]
[WhiteElo "1999"]
[BlackElo "1499"]
[WhiteFideId "612634"]
[BlackFideId "679879"]
[EventDate "2020.05.16"]

1. d4 d5 2. c4 c6 3. Nf3 Nf6 4. g3 Bf5 5. Bg2 e6 6. O-O Nbd7 7. Nc3 Bd6 8. Re1
O-O 9. c5 Bc7 10. b4 Ne4 11. Nxe4 Bxe4 12. Bb2 Nf6 13. a4 b6 14. Ne5 Qe8 15. f3
Bxe5 16. dxe5 Nd7 17. fxe4 bxc5 18. bxc5 Nxc5 19. Ba3 Nxe4 20. Bxe4 dxe4 21.
Bxf8 Qxf8 22. Qd6 Rc8 23. Rab1 h6 24. Rec1 Rd8 25. Qxf8+ Kxf8 26. Rxc6 Rd5 27.
Rc7 Rxe5 28. Rb8# 1-0

[Event "ch-FRA Blitz Online Qual"]
[Site "Europe-Chess INT"]
[Date "2020.05.16"]
[Round "6"]
[White "Brasseur, Vincent"]
[Black "Bellaiche, Elise"]
[Result "0-1"]
[BlackTitle "WFM"]
[WhiteElo "1603"]
[BlackElo "2036"]
[WhiteFideId "45129550"]
[BlackFideId "696366"]
[EventDate "2020.05.16"]

1. e4 e6 2. d4 d5 3. e5 c5 4. c3 Nc6 5. Nf3 Bd7 6. a3 f6 7. Bd3 fxe5 8. dxe5 c4
9. Bc2 Nh6 10. Bxh6 gxh6 11. Nbd2 Bg7 12. Qe2 Qc7 13. O-O-O O-O 14. Rhe1 Be8 15.
h3 Bg6 16. Nf1 b5 17. Nd4 Nxd4 18. Rxd4 b4 19. axb4 a5 20. Bxg6 hxg6 21. bxa5
Qxa5 22. Qc2 Qa1+ 23. Kd2 Rxf2+ 24. Re2 Rxf1 25. Ke3 Rf5 26. g4 Qg1+ 27. Kd2 h5
28. gxf5 Bh6+ 29. Re3 Bxe3+ 30. Ke2 Qf2+ 31. Kd1 Ra1+ 0-1

[Event "ch-FRA Blitz Online Qual"]
[Site "Europe-Chess INT"]
[Date "2020.05.16"]
[Round "6"]
[White "Daude, Alexandre"]
[Black "Ritzenthaler, Stephane"]
[Result "0-1"]
[WhiteElo "1518"]
[BlackElo "1988"]
[WhiteFideId "45102660"]
[BlackFideId "638080"]
[EventDate "2020.05.16"]

1. e4 c5 2. c3 Nf6 3. e5 Nd5 4. d4 Nc6 5. Bc4 Nb6 6. Bb3 e6 7. Nf3 d5 8. exd6 c4
9. Bc2 Bxd6 10. O-O h6 11. b3 Bd7 12. Nbd2 cxb3 13. axb3 Nd5 14. Ne4 Be7 15. c4
Ndb4 16. Bb1 O-O 17. Bd2 a5 18. Bc3 Bf6 19. Nxf6+ Qxf6 20. Qd2 Qe7 21. d5 exd5
22. cxd5 Na7 23. Qd4 f6 24. Bxb4 axb4 25. d6 Qe6 26. Bg6 Nb5 27. Qxb4 Rxa1 28.
Rxa1 Nxd6 29. Qb6 Bc6 30. Qc7 Qg4 31. Nd2 0-1

[Event "ch-FRA Blitz Online Qual"]
[Site "Europe-Chess INT"]
[Date "2020.05.16"]
[Round "6"]
[White "Grosse, Ludovic"]
[Black "Ogier, Arnaud"]
[Result "0-1"]
[WhiteElo "1958"]
[BlackElo "1569"]
[WhiteFideId "26045842"]
[BlackFideId "45196494"]
[EventDate "2020.05.16"]

1. d4 d5 2. Nf3 Nf6 3. Bf4 e6 4. e3 c5 5. Nc3 Bd6 6. Ne5 O-O 7. Be2 cxd4 8. exd4
Nc6 9. O-O a6 10. Re1 Qc7 11. Bf3 Nd7 12. Qe2 Nxd4 13. Qd3 Nxf3+ 14. Qxf3 Nxe5
15. Qg3 f6 16. Rad1 Rd8 17. Na4 Nc4 18. Bxd6 Qxd6 19. b3 Qxg3 20. hxg3 Nd6 21.
Nb6 Rb8 22. Nxc8 Rbxc8 23. Rxe6 Rxc2 24. Rxd5 Rcc8 25. Rexd6 Rxd6 26. Rxd6 Rc2
27. Rd7 b5 28. a3 Ra2 29. a4 bxa4 30. bxa4 Rxa4 31. Kh2 Ra1 32. Ra7 a5 33. g4 a4
34. Kg3 a3 35. Kf3 a2 36. Ke2 Kf8 37. g3 Ke8 38. f4 Rh1 39. Ra8+ Kf7 40. Ra7+
Kg6 41. f5+ Kg5 42. Rxg7+ Kh6 43. Ra7 a1=Q 44. Rxa1 Rxa1 45. Kf3 Kg5 0-1

[Event "ch-FRA Blitz Online Qual"]
[Site "Europe-Chess INT"]
[Date "2020.05.16"]
[Round "6"]
[White "Hetier, Thomas"]
[Black "Boulos, Carlos"]
[Result "0-1"]
[WhiteElo "1598"]
[BlackElo "2147"]
[WhiteFideId "45146586"]
[BlackFideId "5302749"]
[EventDate "2020.05.16"]

1. f4 Nf6 2. Nf3 g6 3. g3 Bg7 4. Bg2 O-O 5. O-O d5 6. d4 Bf5 7. c3 c5 8. Na3 Nc6
9. Nc2 Rc8 10. Be3 Ng4 11. Bf2 Nxf2 12. Kxf2 Bxc2 13. Qxc2 cxd4 14. Qd3 dxc3 15.
bxc3 Qb6+ 16. e3 Na5 17. Rab1 Qd6 18. Nd2 Rxc3 19. Qxd5 Qxd5 20. Bxd5 Rd8 21.
Rb5 Rc2 22. Ke2 Bc3 23. Rd1 e6 24. Kd3 Rxd2+ 25. Rxd2 Bxd2 26. Kxd2 Rxd5+ 27.
Rxd5 exd5 0-1